| 000 | 01210cam a22002054a 4500 | ||
|---|---|---|---|
| 005 | 20250605164052.0 | ||
| 008 | 250528s ||||||||||||||||||||||||d | ||
| 035 | _a17314 | ||
| 020 | _a631181318 | ||
| 040 |
_aGR-AtMCL _bgre _dGR-AtMCL _eAACR2 |
||
| 245 | 1 | _aCritical Issues in Tourism / A Geographical Perspective | |
| 260 |
_bBlackwell Publishers, _c1997 |
||
| 300 | _a290 | ||
| 520 | _aA valuable addition to the geography of tourism and suitable as a text for upper-level courses as well as those interested in determining the position of the tourism production system within economic geography. Acknowledgements, An Approach to Tourism, Introduction, Access to Tourism Consumption, The International Dimension, Social Access to Tourism and Leisure, Individual Consumption of Tourism, The Production of Tourism Services, The Tourism Industry, Tourism and Entrepreneurship, Tourism Employment and Labor Markets, Tourism Environments, Tourism and Leisure Environments, Mass Tourism, Urban Tourism, Rural Tourism, Future Trends, The Future of Tourism, Bibliography, Index. | ||
| 700 | 1 |
_aShaw Gareth _93475 |
|
| 700 | 1 |
_aWilliams Allan M _93476 |
|
| 942 | _cBK | ||
| 999 |
_c2742 _d2742 |
||